LEADER 00824nam a2200229 i 4500 001 000000166354 003 CaOOAMICUS 005 20071109000000.0 008 071109s1965 it u000 u ita u 013 $a143722 040 $aSeMil$bita 100 1 $aHugo, Victor,$d<1802-1885>.$0(OLS)http://semarc/name/1144 245 12$aL'uomo che ride /$cVictor Hugo. 260 $aFirenze :$bSansoni,$c1965. 300 $aXXII, 520 p. ;$c19 cm. 490 0 $aI capolavori Sansoni ;$v8 830 2$aI capolavori Sansoni ;$v8.$0(OLS)http://semarc/title/24621 850 $aSeMil 852 $aSeMil$W1$xVenegono$y1$m1T I 104$j236665$B117523$CSeMilBibl$Z2$F128213 $81 961 $aRecupero: Altro 996 $6245$aL'uomo che ride$9(OLS)http://semarc/title/237661 996 $6260$aFirenze :$bSansoni$9(OLS)http://semarc/publisher/29843 LEADER 01066nam a2200253 i 4500 001 000000065475 003 CaOOAMICUS 005 20060705000000.0 008 060705s1983 it u000 u ita u 013 $a36647 040 $aSeMil$bita 100 1 $aSegalla, Giuseppe,$d<1932-2011>.$0(OLS)http://semarc/name/6026 245 13$aLa preghiera di Gesł al Padre (Giov. 17) :$bun addio missionario /$cGiuseppe Segalla. 260 $aBrescia :$bPaideia,$ccopyr. 1983. 300 $a235 p. ;$c21 cm. 490 0 $aStudi biblici ;$v63 500 $aContiene : Bibliografia ; Appendice. 650 4$aBibbia - NT - Giovanni, 17.$0(OLS)http://semarc/subject/5397 830 0$aStudi biblici ;$v63.$0(OLS)http://semarc/title/33 850 $aSeMil 852 $aSeMil$W1$xVenegono$y1$m2WA A 63$j245076$B31628$CSeMilBibl$Z2$F31631 $81 961 $aAcquisto: Casa editrice 996 $6245$aLa preghiera di Gesł al Padre (Giov. 17) :$bun addio missionario$9(OLS)http://semarc/title/103899 996 $6260$aBrescia :$bPaideia$9(OLS)http://semarc/publisher/29614